| 000 | 00977nac a22003137a 4500 | ||
|---|---|---|---|
| 001 | BR7902281 | ||
| 003 | BR-BrBNA | ||
| 005 | 20240105114423.0 | ||
| 008 | 230509b bl.|||m| |||| 00| 0 por d | ||
| 040 |
_aBR-BrBNA _bpor _cBiblioteca Nacional de Agricultura |
||
| 072 | _aH00 | ||
| 090 | _a2120 BR7902281 | ||
| 100 | 1 | _aCorrea, H.G. | |
| 100 | 1 | _aLorena Neto, B. | |
| 100 | 1 | _aMoreira, C.A. | |
| 100 | 1 | _aNagai, V. | |
| 110 | 1 | _aInstituto Agronomico, Campinas, SP (Brasil) | |
| 245 | 1 | _aCobertura foliar do cafeeiro, obtida com pulverizador a pressao e jato arrastado por corrente de ar [defensivo] | |
| 260 | 3 |
_aCampinas, SP (Brasil): _c1978. |
|
| 300 | _a19 p. | ||
| 490 |
_aBoletim Tecnico - Instituto Agronomico (Brazil) _vno. 52 _xISSN 0100-3100 |
||
| 650 | _aDEFESA VEGETAL | ||
| 650 | _aCAFE | ||
| 650 | _aPULVERIZADOR | ||
| 650 | _aDEFENSIVO | ||
| 650 | _aPULVERIZACAO | ||
| 909 |
_a202312 _bLúcia Elande _c55 _dLúcia Elande |
||
| 942 |
_2AGRIS _n0 _cMS |
||
| 999 |
_c269248 _d269248 |
||